Rock/Metal -Quiz muzyczny #5 (wszystkie dekady) - Statystyki

Ogólne statystyki
  • Ten quiz został rozwiązany 443 razy
    268 od ostatniego zresetowania
  • Średni wynik to 12 z 49
Statystyki odpowiedzi
Tytuł Odpowiedź % Poprawnych
Hotel California Eagles
73%
Layla Derek and the Dominos / Eric Clapton
63%
Seven Nation Army The White Stripes
61%
Rocket Man Elton John
59%
Ace of Spades Motorhead
59%
Creep Radiohead
59%
Still Loving You Scorpions
54%
Angie The Rolling Stones
54%
Aerials System of a Down
48%
London Calling The Clash
47%
Mein Teil Rammstein
43%
Raining Blood Slayer
43%
People are Strange The Doors
39%
Don't Look Back in Anger Oasis
36%
Learning to Fly Pink Floyd / Tom Petty
35%
Born to be Wild Steppenwolf
34%
Low Man's Lyric Metallica
32%
Are You Gonna Go My Way Lenny Kravitz
30%
Are You Gonna be my Girl Jet
28%
Carry on my Wayward Son Kansas
24%
Fortune Son Creedence Clearwater Revival
22%
Road to Hell Chris Rea
20%
Psycho Killer Talking Heads
19%
Buddy Holly Weezer
18%
Hysteria Def Leppard
16%
Hurt Nine Inch Nails
16%
Every Rose Has its Thorn Poison
15%
Stargazer Rainbow
14%
So Far Away Dire Straits
12%
Because the Night Patti Smith
12%
Cult of Personality Living Colour
11%
Bad Day R.E.M.
9%
2112 Rush
9%
Rockin' in the Free World Neil Young
8%
Ballroom Blitz Sweet
8%
Next to You The Police
8%
Cherub Rock Smashing Pumpkins
6%
Pride and Joy Stevie Ray Vaughan
5%
Stranglehold Ted Nugent
5%
Just What I Needed The Cars
5%
Dancing in the Moonlight Thin Lizzy
5%
I Want You to Want Me Cheap Trick
4%
3's & 7's Queens of the Stone Age
4%
Girl You'll be a Woman Soon Urge Overkill
4%
Whip It Devo
3%
Sleeping Dogs Zakk Wylde
3%
Rock Lobster B-52's
1%
Ex-Girlfriend No Doubt
1%
WipeOut Surfaris
1%
Nie znaleziono quizów pasujących do podanych kryteriów
Rozkład punktacji
Procent ludzi z każdym wynikiem
Percentyl według liczby udzielonych odpowiedzi
Twoja historia wyników
Nie rozwiązałeś tego quizu od ostatniego zresetowania